Nuestras vidas en la Carpio: aportes para una historia popular (Registro nro. 3259)
[ vista simple ]
| 000 -Cabecera | |
|---|---|
| Campo de control de longitud fija | 00935aam a2200301 4500 |
| 005 - Fecha y hora de la última transacción | |
| Campo de control | 20231011163836.0 |
| 008 - Elementos de longitud fija--Información general | |
| Campo de control de longitud fija | 150424b2009 xxu||||| |||| 00| 0 spa d |
| 020 ## - International Standard Book Number | |
| Número Internacional Estándar del Libro (ISBN) | 9789968460736 |
| 041 ## - Idioma | |
| Código de idioma | Español |
| 082 ## - Clasificación Decimal Dewey | |
| Número de clasificación | 307.76 S194n |
| 100 ## - Entrada principal--Autor personal | |
| Nombre personal | Sandoval García, Carlos |
| 9 (RLIN) | 7534 |
| 100 ## - Entrada principal--Autor personal | |
| Nombre personal | Brenes Montoya, Mónica |
| 9 (RLIN) | 27631 |
| 100 ## - Entrada principal--Autor personal | |
| Nombre personal | Masis Fernández, Karen |
| 9 (RLIN) | 27632 |
| 100 ## - Entrada principal--Autor personal | |
| Nombre personal | Paniagua Arguedas, Laura |
| 9 (RLIN) | 27633 |
| 245 ## - Título propiamente dicho | |
| Título | Nuestras vidas en la Carpio: aportes para una historia popular |
| 260 ## - Pie de imprenta | |
| Lugar de publicación, distribución, etc. | Costa Rica |
| Nombre del editor, distribuidor, etc. | UCR |
| Fecha de publicación, distribución, etc. | 2009 |
| 300 ## - Descripción física | |
| Extensión | 215 páginas |
| 650 ## - Materia general | |
| Temática (materia general) | COSTA RICA |
| 650 ## - Materia general | |
| Temática (materia general) | DESARROLLO DE COMUNIDAD URBANA |
| 650 ## - Materia general | |
| Temática (materia general) | LA CARPIO (LA URUCA) |
| 650 ## - Materia general | |
| Temática (materia general) | SAN JOSE |
| 650 ## - Materia general | |
| Temática (materia general) | ASPECTOS SOCIOECONÓMICOS |
| 650 ## - Materia general | |
| Temática (materia general) | HISTORIA |
| 650 ## - Materia general | |
| Temática (materia general) | DISCRIMINACIÓN |
| 650 ## - Materia general | |
| Temática (materia general) | SERVICIOS PUBLICOS |
| 650 ## - Materia general | |
| Temática (materia general) | NICARAGUENSES EN COSTA RICA |
| 942 ## - Punto de acceso adicional KOHA | |
| Tipo de ítem KOHA | Libro |
| Fuente del sistema de clasificación o colocación | Dewey Decimal Classification |
| Signatura completa | Código de barras | Tipo de ítem |
|---|---|---|
| 307.76 S194n | 18188 | Libro |